000 00245nam a2200097Ia 4500
082 _a641.5 FOOD
245 0 _aFood for friends
100 _a Major, Debbie London, 2009
_977753
942 _cBK
008 210817s9999 xx 000 0 und d
999 _c381483
_d381481